[Event "Julius Baer Rapid Div 3 W"]
[Site "chess.com INT"]
[Date "2023.08.31"]
[Round "3.2"]
[White "Sevian, Samuel"]
[Black "Kamsky, Gata"]
[Result "1/2-1/2"]
[WhiteTitle "GM"]
[BlackTitle "GM"]
[WhiteElo "2698"]
[BlackElo "2641"]
[WhiteFideId "2040506"]
[BlackFideId "2000024"]
[EventDate "2023.08.30"]
[EventType "k.o."]

1. e4 c5 2. Nf3 e6 3. d4 cxd4 4. Nxd4 a6 5. c4 Nf6 6. Nc3 d6 7. Be3 b6 8. a3 Bb7
9. f3 Nbd7 10. Rc1 Be7 11. Qd2 Rc8 12. Be2 O-O 13. b4 Ne5 14. Na4 d5 15. exd5
exd5 16. Nf5 dxc4 17. Nxb6 Rc6 18. Nxc4 Nxc4 19. Qxd8 Bxd8 20. Bxc4 g6 21. Nd4
Rd6 22. Nb3 Bd5 23. Bxd5 Nxd5 24. Bc5 Re6+ 25. Kf2 Rfe8 26. Nd4 Re3 27. Rce1 Bc7
28. g3 h5 29. Nc2 R3e5 30. Rxe5 Rxe5 31. Re1 f5 32. Rxe5 Bxe5 33. Bd4 Bd6 34. f4
Kf7 35. Ke2 h4 36. Kf3 hxg3 37. hxg3 Ke6 38. Bh8 Nc7 39. Ne3 Nb5 40. Bb2 Be7 41.
Ke2 Nd6 42. Kf3 Ne4 43. g4 Nd2+ 44. Ke2 Ne4 45. gxf5+ gxf5 46. Be5 Bd8 47. Kd3
Bb6 48. a4 Bxe3 49. Kxe3 Kd5 50. Kd3 Nf2+ 51. Kc3 Ne4+ 52. Kb3 Nd2+ 53. Kc2 Nf3
54. b5 axb5 55. axb5 Kc5 56. Kd3 Kxb5 57. Ke3 Nh2 58. Kd4 Kc6 59. Bb8 Ng4 60.
Ba7 Kd6 61. Bc5+ Ke6 62. Ba7 Nf6 63. Ke3 Kd5 64. Bb8 Ng4+ 65. Kd3 Nf2+ 66. Ke3
Ne4 67. Kd3 Nc5+ 68. Ke3 Kc4 69. Ba7 Ne4 70. Bb8 Nc3 71. Kf3 Kd3 72. Bc7 Nb5 73.
Be5 Na3 74. Bc7 Nc4 75. Kf2 Ke4 76. Bb8 Ne3 77. Kg3 Nd5 78. Bd6 Nc3 79. Kf2 Nd1+
80. Kg3 Ke3 81. Bc5+ Ke2 82. Ba7 Nc3 83. Kg2 Nb5 84. Bb8 Nd4 85. Ba7 Ne6 86. Kg3
Nc7 87. Kg2 Nb5 88. Bb8 Ke3 89. Kg3 Nc3 90. Ba7+ Ke4 91. Bb8 Ne2+ 92. Kg2 Ke3
93. Bc7 Nxf4+ 94. Bxf4+ Kxf4 95. Kf2 Kg4 96. Kg2 f4 97. Kf2 f3 98. Kf1 Kg3 99.
Kg1 f2+ 100. Kf1 Kf3 1/2-1/2

[Event "Julius Baer Rapid Div 3 W"]
[Site "chess.com INT"]
[Date "2023.08.31"]
[Round "3.3"]
[White "Sevian, Samuel"]
[Black "Kamsky, Gata"]
[Result "1-0"]
[WhiteTitle "GM"]
[BlackTitle "GM"]
[WhiteElo "2698"]
[BlackElo "2641"]
[WhiteFideId "2040506"]
[BlackFideId "2000024"]
[EventDate "2023.08.30"]
[EventType "k.o."]

1. e4 c6 2. d4 d5 3. e5 Bf5 4. h4 h6 5. g4 Bd7 6. h5 c5 7. c3 Qb6 8. dxc5 Qxc5
9. Be3 Qc7 10. f4 e6 11. Nf3 Bc5 12. Nd4 Ne7 13. Nd2 Bb6 14. Qb3 Na6 15. a4 O-O
16. a5 Bxa5 17. Qa3 Nc6 18. N2f3 Bb6 19. b4 Nxd4 20. cxd4 Rac8 21. b5 Nb8 22.
Bd2 a6 23. g5 hxg5 24. Nxg5 Bxb5 25. Bxb5 axb5 26. Rc1 Qd7 27. Qd3 Rxc1+ 28.
Bxc1 f5 29. exf6 gxf6 30. Qg6+ Kh8 31. Rg1 Bxd4 32. Nf7+ Qxf7 33. Qh6+ 1-0

[Event "Julius Baer Rapid Div 3 W"]
[Site "chess.com INT"]
[Date "2023.08.31"]
[Round "4.1"]
[White "Mamedyarov, Shakhriyar"]
[Black "Bok, Benjamin"]
[Result "1-0"]
[WhiteTitle "GM"]
[BlackTitle "GM"]
[WhiteElo "2734"]
[BlackElo "2621"]
[WhiteFideId "13401319"]
[BlackFideId "1017063"]
[EventDate "2023.08.30"]
[EventType "k.o."]

1. d4 Nf6 2. Bg5 d5 3. e3 c5 4. Nf3 Nc6 5. c3 Qb6 6. b3 Bg4 7. Be2 Ne4 8. Bf4 e6
9. O-O cxd4 10. exd4 Be7 11. h3 Bh5 12. Nfd2 Bxe2 13. Qxe2 Nxd2 14. Nxd2 O-O 15.
Rfe1 Rac8 16. Nf3 Bf6 17. Rad1 Qa5 18. Rd3 Rfe8 19. h4 b5 20. b4 Qa4 21. Ne5
Nxe5 22. Bxe5 Bxe5 23. Qxe5 Qc2 24. Rg3 g6 25. h5 Rxc3 26. h6 Kf8 27. Rxc3 Qxc3
28. Re3 Qc2 29. g3 Qf5 30. Qg7+ Ke7 31. Rc3 Kd7 32. Kg2 g5 33. Ra3 Qe4+ 34. Kh2
a6 35. Rxa6 Qf3 36. Ra7+ Kc6 37. Rxf7 Qh5+ 38. Kg2 Rc8 39. Qxh7 g4 40. Ra7 1-0

[Event "Julius Baer Rapid Div 3 W"]
[Site "chess.com INT"]
[Date "2023.08.31"]
[Round "4.1"]
[White "Sevian, Samuel"]
[Black "Le, Tuan Minh"]
[Result "1/2-1/2"]
[WhiteTitle "GM"]
[BlackTitle "GM"]
[WhiteElo "2698"]
[BlackElo "2559"]
[WhiteFideId "2040506"]
[BlackFideId "12401153"]
[EventDate "2023.08.30"]
[EventType "k.o."]

1. c4 c6 2. Nc3 d5 3. d4 Nf6 4. Nf3 a6 5. cxd5 cxd5 6. Bf4 Nc6 7. Ne5 Qb6 8.
Nxc6 Qxc6 9. Qb3 e6 10. Rc1 Qc4 11. Qd1 Qb4 12. Qd2 Bd7 13. e3 Bd6 14. a3 Qb6
15. Bg5 Ne4 16. Nxe4 dxe4 17. Be2 O-O 18. O-O Rac8 19. Rxc8 Rxc8 20. Rc1 Rc6 21.
Rxc6 Bxc6 22. Bh4 Qb3 23. Qc1 h6 24. Bg3 Bxg3 25. hxg3 g6 26. Bc4 Qb6 27. b4 h5
28. Qc3 Qc7 29. Bb3 Qd7 30. Qc5 1/2-1/2

[Event "Julius Baer Rapid Div 3 W"]
[Site "chess.com INT"]
[Date "2023.08.31"]
[Round "4.2"]
[White "Bok, Benjamin"]
[Black "Mamedyarov, Shakhriyar"]
[Result "1/2-1/2"]
[WhiteTitle "GM"]
[BlackTitle "GM"]
[WhiteElo "2621"]
[BlackElo "2734"]
[WhiteFideId "1017063"]
[BlackFideId "13401319"]
[EventDate "2023.08.30"]
[EventType "k.o."]

1. c4 e5 2. g3 Nf6 3. Bg2 d5 4. cxd5 Nxd5 5. Nf3 Nc6 6. O-O Nf6 7. b3 e4 8. Ng5
Bf5 9. Nc3 Qe7 10. d3 exd3 11. exd3 O-O-O 12. Bxc6 bxc6 13. Qf3 Qd7 14. Be3 h6
15. Nge4 Bg4 16. Qf4 Qf5 17. Nxf6 gxf6 18. Ne2 Qxf4 19. Nxf4 Bd6 20. Rfc1 Kb7
21. Rc4 h5 22. h3 Bxf4 23. Rb4+ Ka8 24. Rxf4 Bxh3 25. Rc1 Rxd3 26. Rxc6 Rd1+ 27.
Kh2 Bc8 28. Rfxf6 Bb7 29. Rc1 Rxc1 30. Bxc1 Bd5 31. Kh3 Kb7 32. Kh4 Be6 33. Be3
a5 34. Rf4 Kc6 35. Ra4 Kb5 36. Bd2 Ra8 37. Kxh5 c5 38. Kg5 c4 39. Ra3 a4 40.
bxa4+ Rxa4 41. Rxa4 Kxa4 42. Bc1 c3 43. a3 Kb3 44. f4 Kc2 45. Be3 Kb3 46. f5 Bc4
47. Bc1 Kc2 48. Bf4 Kb3 49. Kf6 Kxa3 50. g4 c2 51. g5 Kb2 52. Kg7 c1=Q 53. Bxc1+
Kxc1 54. f6 Kd2 55. g6 fxg6 56. Kxg6 Ke3 57. f7 Bxf7+ 1/2-1/2

[Event "Julius Baer Rapid Div 3 W"]
[Site "chess.com INT"]
[Date "2023.08.31"]
[Round "4.2"]
[White "Le, Tuan Minh"]
[Black "Sevian, Samuel"]
[Result "1/2-1/2"]
[WhiteTitle "GM"]
[BlackTitle "GM"]
[WhiteElo "2559"]
[BlackElo "2698"]
[WhiteFideId "12401153"]
[BlackFideId "2040506"]
[EventDate "2023.08.30"]
[EventType "k.o."]

1. d4 Nf6 2. Nf3 d5 3. c4 e6 4. Nc3 Bb4 5. cxd5 exd5 6. Bf4 Ne4 7. Bd2 Bxc3 8.
Bxc3 O-O 9. e3 Re8 10. Be2 a5 11. O-O c6 12. Nd2 Nd6 13. a4 Bf5 14. b4 axb4 15.
Bxb4 Re6 16. Qb3 Nd7 17. Rfc1 Ra7 18. a5 Ne4 19. Nxe4 Bxe4 20. f3 Bf5 21. Bf1 h5
22. Be1 h4 23. Bf2 Rg6 24. Re1 Be6 25. Qb2 h3 26. g3 Rf6 27. Be2 Rxa5 28. Qxb7
c5 29. dxc5 Nxc5 30. Qb4 Rxa1 31. Rxa1 Nd7 32. Qd4 Qb8 33. g4 Qe8 34. Bg3 Nf8
35. Rb1 Bc8 36. Kf2 Qd7 37. Be5 Rg6 38. Bb5 Qd8 39. Bd3 Rc6 40. Qa4 Re6 41. Bg3
Re7 42. Bh4 f6 43. Bg3 Rb7 44. Rxb7 Bxb7 45. Bf1 Ne6 46. Bxh3 d4 47. Bf1 dxe3+
48. Kxe3 Qb6+ 49. Kd2 Qb2+ 50. Qc2 Qxc2+ 51. Kxc2 Bxf3 52. h3 Bd5 1/2-1/2

[Event "Julius Baer Rapid Div 3 W"]
[Site "chess.com INT"]
[Date "2023.08.31"]
[Round "4.3"]
[White "Sevian, Samuel"]
[Black "Le, Tuan Minh"]
[Result "1-0"]
[WhiteTitle "GM"]
[BlackTitle "GM"]
[WhiteElo "2698"]
[BlackElo "2559"]
[WhiteFideId "2040506"]
[BlackFideId "12401153"]
[EventDate "2023.08.30"]
[EventType "k.o."]

1. e4 e5 2. Nf3 Nc6 3. Bc4 Bc5 4. O-O d6 5. c3 Nf6 6. d3 h6 7. Re1 O-O 8. Nbd2
Be6 9. b4 Bb6 10. a4 a6 11. Bxe6 fxe6 12. Nc4 Ba7 13. Ra2 b5 14. Na3 Rb8 15. h3
Qd7 16. Nc2 bxa4 17. Rxa4 Qc8 18. Be3 Bxe3 19. Nxe3 Kh7 20. Re2 Qb7 21. Rea2 Ra8
22. Nc4 Ne7 23. Qa1 Ng6 24. Qd1 Nf4 25. Kh2 Kh8 26. g3 Ng6 27. Kg1 Kg8 28. Ncd2
d5 29. Qe2 Rfe8 30. Ra5 Qb6 31. Nb3 d4 32. cxd4 Qxb4 33. dxe5 Nd7 34. Nbd2 Rf8
35. d4 c5 36. Rxa6 Rae8 37. Rd6 Re7 38. Ra7 Ndxe5 39. Nxe5 Rxa7 40. Nxg6 cxd4
41. Rxe6 Rd8 42. Ne5 d3 43. Qe3 Ra1+ 44. Kg2 Ra2 45. Nef3 Ra1 46. Rc6 Qa4 47.
Qb6 Rf8 48. Qb3+ Qxb3 49. Nxb3 Ra3 50. Nbd2 Rb8 51. Ne5 Ra2 52. Nec4 Rf8 53. Rd6
Rc8 54. Rxd3 Kf8 55. h4 Ke7 56. Rd5 Rd8 57. Rxd8 Kxd8 58. Kf3 Ke7 59. Ke3 Ke6
60. Nf3 Ra4 61. Nd4+ Kf7 62. Nd2 Ra3+ 63. N2b3 Ra8 64. f4 Ke7 65. e5 Ra4 66. Ke4
Ra3 67. h5 Ke8 68. g4 Ra2 69. Kf5 Rh2 70. Nc5 Kf8 71. Nce6+ Kg8 72. Nb5 Rb2 73.
Nd6 Rb6 74. Kg6 Rb8 75. f5 Rb6 76. f6 gxf6 77. exf6 Rxd6 78. f7+ 1-0

[Event "Julius Baer Rapid Div 3 W"]
[Site "chess.com INT"]
[Date "2023.09.01"]
[Round "5.1"]
[White "Mamedyarov, Shakhriyar"]
[Black "Sevian, Samuel"]
[Result "1/2-1/2"]
[WhiteTitle "GM"]
[BlackTitle "GM"]
[WhiteElo "2734"]
[BlackElo "2698"]
[WhiteFideId "13401319"]
[BlackFideId "2040506"]
[EventDate "2023.08.30"]
[EventType "k.o."]

1. d4 Nf6 2. c4 e6 3. Nc3 Bb4 4. Qc2 d5 5. cxd5 exd5 6. Bg5 h6 7. Bh4 O-O 8. e3
Bg4 9. f3 Bh5 10. Bd3 c5 11. Ne2 Nc6 12. O-O cxd4 13. exd4 g5 14. Bf2 Bd6 15. a3
Kg7 16. Ng3 Bg6 17. Nf5+ Bxf5 18. Bxf5 Ne7 19. Bd3 Ng6 20. Rae1 Rc8 21. g3 Rc6
22. Re2 Re8 23. Rfe1 Rxe2 24. Rxe2 a6 25. Kg2 Qc7 26. Qb3 Ne7 27. Nd1 b5 28. Ne3
Rc1 29. Rc2 Rxc2 30. Bxc2 Qd7 31. Qd3 Qe6 32. Be1 Kf8 33. Bd2 Qc8 34. a4 bxa4
35. Bxa4 Qb7 36. Qc3 a5 37. Qxa5 Qxb2 38. Qc3 Qxc3 39. Bxc3 Ne8 40. Ng4 Ng8 41.
Ne5 Nc7 42. Kf2 Ne6 43. Bc2 Ne7 44. Bb2 Kg7 45. Ke2 h5 46. Kf2 Bc7 47. Ke3 f6
48. Nd7 h4 49. Kf2 Kf7 50. Kg2 hxg3 51. hxg3 Ba5 52. Bb3 Nc7 53. Nc5 Bb6 54. Kf2
Nf5 55. g4 Nd6 56. Ke3 Ba5 57. Kd3 Bb4 58. Ne4 Ke6 59. Ng3 Be1 60. Nh5 Kd7 61.
Ba3 Ke6 62. Bxd6 Kxd6 63. Nxf6 Bg3 64. Nh5 Bf2 65. Ng7 Nb5 66. Nf5+ Ke6 67. Ba2
Bg1 68. Ne3 Nc7 69. Nd1 Nb5 70. Ne3 Nc7 71. Bb3 Kd6 72. Nf5+ Ke6 73. Ba4 Bf2 74.
Bc6 Bg1 75. Bb7 Kd7 76. Nh6 Bh2 77. Nf5 Bg1 78. Ne3 Kd6 79. Nc2 Ne6 80. Bc8 Nf4+
81. Kd2 Bf2 82. Bf5 Bg1 83. Bd3 Ng2 84. Bf1 Nf4 85. Kc3 Ne6 86. Ba6 Bf2 87. Bc8
Nf4 88. Bf5 Bg1 89. Kd2 Bf2 90. Ne3 Bg1 91. Bc2 Ne6 92. Nf5+ Kc7 93. Kc3 Nf4 94.
Bd1 Kd7 95. Kb4 Ne6 96. Kc3 Nf4 97. Bb3 Ne2+ 98. Kd3 Nf4+ 99. Kd2 Bf2 100. Ne3
Kd6 101. Bd1 Ne6 102. Nf5+ Kc7 103. Kc3 Nf4 104. Bb3 Ne2+ 105. Kd3 Nf4+ 106. Kd2
Kd7 107. Ba2 Kc6 108. Bb1 Kd7 109. Bd3 Bg1 110. Kc3 Bf2 111. Nh6 Ke6 112. Bf5+
Kf6 113. Bd3 1/2-1/2

[Event "Julius Baer Rapid Div 3 W"]
[Site "chess.com INT"]
[Date "2023.09.01"]
[Round "5.2"]
[White "Sevian, Samuel"]
[Black "Mamedyarov, Shakhriyar"]
[Result "0-1"]
[WhiteTitle "GM"]
[BlackTitle "GM"]
[WhiteElo "2698"]
[BlackElo "2734"]
[WhiteFideId "2040506"]
[BlackFideId "13401319"]
[EventDate "2023.08.30"]
[EventType "k.o."]

1. e4 c5 2. Nf3 e6 3. d4 cxd4 4. Nxd4 Nf6 5. Nc3 Nc6 6. Nxc6 bxc6 7. e5 Nd5 8.
Ne4 Qc7 9. f4 Rb8 10. a3 f5 11. exf6 gxf6 12. Qh5+ Kd8 13. Qf3 Qa5+ 14. Bd2 Qb6
15. Rd1 Qxb2 16. Ba5+ Rb6 17. c4 Bxa3 18. cxd5 exd5 19. Nc3 Bb4 20. Bxb4 Rxb4
21. Be2 Rb3 22. Rd3 Re8 23. O-O Ba6 24. Rb1 Qxe2 25. Nxe2 Rxb1+ 26. Kf2 Bxd3 27.
Qxd3 Rb2 28. Qxh7 Rexe2+ 29. Kf3 Rf2+ 30. Kg4 Rxg2+ 31. Kf5 Rxh2 32. Qg8+ Kc7
33. Qa8 Rb7 34. Qf8 Rb5 35. Qa3 a5 36. Kxf6 d4 37. Qd3 Rd5 38. Ke7 Rh1 39. f5
Re1+ 40. Kf7 Re3 41. Qa6 Rxf5+ 42. Kg6 Rd5 43. Qa7+ Kd6 44. Qb6 Re6+ 45. Kf7 d3
46. Qb8+ Kc5 47. Qa7+ Kb4 48. Qb6+ Kc3 49. Qb1 d2 50. Qa1+ Kc4 51. Qa4+ Kd3 52.
Qd1 Re1 53. Qb3+ Ke4 54. Qc2+ Kf4 55. Qc4+ Kg5 56. Qc3 d1=Q 57. Qf6+ Kg4 58.
Qg6+ Kf3 59. Qf6+ Ke3 60. Qc3+ Kf2 0-1

[Event "Julius Baer Rapid Div 3 W"]
[Site "chess.com INT"]
[Date "2023.09.03"]
[Round "6.1"]
[White "Mamedyarov, Shakhriyar"]
[Black "Sevian, Samuel"]
[Result "1/2-1/2"]
[WhiteTitle "GM"]
[BlackTitle "GM"]
[WhiteElo "2734"]
[BlackElo "2698"]
[WhiteFideId "13401319"]
[BlackFideId "2040506"]
[EventDate "2023.08.30"]
[EventType "k.o."]

1. d4 Nf6 2. c4 e6 3. Nc3 Bb4 4. Nf3 d5 5. Qb3 c5 6. dxc5 Na6 7. a3 Bxc3+ 8.
Qxc3 Nxc5 9. b4 Nce4 10. Qd4 O-O 11. cxd5 Qxd5 12. Qxd5 Nxd5 13. Ne5 f6 14. Nd3
e5 15. f3 Nd6 16. e4 Ne7 17. a4 1/2-1/2

[Event "Julius Baer Rapid Div 3 W"]
[Site "chess.com INT"]
[Date "2023.09.03"]
[Round "6.2"]
[White "Sevian, Samuel"]
[Black "Mamedyarov, Shakhriyar"]
[Result "1-0"]
[WhiteTitle "GM"]
[BlackTitle "GM"]
[WhiteElo "2698"]
[BlackElo "2734"]
[WhiteFideId "2040506"]
[BlackFideId "13401319"]
[EventDate "2023.08.30"]
[EventType "k.o."]

1. e4 c5 2. Nf3 e6 3. d4 cxd4 4. Nxd4 Nc6 5. Nc3 Qc7 6. g3 a6 7. Bg2 Nf6 8. O-O
Be7 9. a4 O-O 10. Nb3 b6 11. g4 d5 12. exd5 Rd8 13. Bg5 Nb4 14. Nd4 exd5 15. Re1
Bc5 16. Bxf6 gxf6 17. Nb3 Be6 18. h3 Rac8 19. Qd2 d4 20. Ne4 Be7 21. Qh6 Nxc2
22. Ng5 Bf5 23. gxf5 fxg5 24. f6 Bxf6 25. Qxf6 Qf4 26. Qxf4 gxf4 27. Be4 d3 28.
Bf5 Nxe1 29. Rxe1 Rc2 30. Rb1 Rc4 31. Rd1 Rxa4 32. Bxd3 Kg7 33. Rd2 Rb4 34. Nc1
f3 35. Kh2 b5 36. Kg3 a5 37. Kxf3 Rh4 38. Ke2 Rc8 39. Na2 Re8+ 40. Kf1 Rd8 41.
Nc3 Rxh3 42. Ke2 b4 43. Nd1 h5 44. Ne3 Rh1 45. Rc2 a4 46. Rc4 a3 47. bxa3 bxa3
48. Ra4 Ra1 49. Bc4 Rd7 50. Ra6 Rc7 51. Kf3 f6 52. Kf4 h4 53. Be6 h3 54. Bxh3 a2
55. Be6 Rb7 56. Bxa2 Rb2 57. Ra7+ Kh8 58. Ra8+ Kg7 59. Nf5+ Kh7 60. Bg8+ Kh8 61.
Rxa1 Rxf2+ 62. Ke4 Kxg8 63. Ra7 Kf8 64. Nd4 Rf1 65. Ne6+ Ke8 66. Nf4 Re1+ 67.
Kd5 Rd1+ 68. Ke6 Re1+ 69. Kd6 Rd1+ 70. Nd5 Re1 71. Rh7 f5 72. Nc7+ Kf8 73. Ne6+
Kg8 74. Rg7+ Kh8 75. Rf7 f4 76. Ke7 f3 77. Rxf3 Ra1 78. Kf7 Ra7+ 79. Kf6 Kg8 80.
Rg3+ Kh8 81. Rg1 Ra6 82. Rb1 Kg8 83. Rb8+ Kh7 84. Re8 Rb6 85. Rd8 Ra6 86. Rd2
Rb6 87. Ra2 Kh8 88. Kf7 Rb7+ 89. Kg6 Rb8 90. Ra7 Re8 91. Ng5 Rg8+ 92. Kf6 Rf8+
93. Kg6 Rg8+ 94. Kh6 Rb8 95. Rh7+ Kg8 96. Rg7+ Kf8 97. Ne6+ 1-0

[Event "Julius Baer Rapid Div 3 W"]
[Site "chess.com INT"]
[Date "2023.09.03"]
[Round "6.3"]
[White "Mamedyarov, Shakhriyar"]
[Black "Sevian, Samuel"]
[Result "1-0"]
[WhiteTitle "GM"]
[BlackTitle "GM"]
[WhiteElo "2734"]
[BlackElo "2698"]
[WhiteFideId "13401319"]
[BlackFideId "2040506"]
[EventDate "2023.08.30"]
[EventType "k.o."]

1. d4 Nf6 2. c4 e6 3. Nc3 Bb4 4. Nf3 d5 5. Qa4+ Nc6 6. Bd2 O-O 7. a3 Bd6 8. c5
Be7 9. Qc2 a5 10. Bf4 Nh5 11. e3 b6 12. Bb5 Bb7 13. Qa4 Nxf4 14. exf4 Na7 15. c6
Bc8 16. O-O Nxb5 17. Nxb5 Ba6 18. Rfe1 Bf6 19. Rac1 Bxb5 20. Qxb5 a4 21. g3 Qc8
22. Qd3 Qa6 23. Qd2 Qb5 24. h4 Rfd8 25. Re3 Rd6 26. Qc2 g6 27. h5 Qa6 28. Kg2 b5
29. Ne5 Bg7 30. hxg6 hxg6 31. Rh1 Qb6 32. Rd3 Ra6 33. g4 b4 34. g5 b3 35. Qd2
Qa5 36. Qc1 Qb6 37. Qd1 Rxc6 38. Rdh3 Rc2 39. Rh7 Qb5 40. Qg4 Qe2 41. Qh4 Qe4+
42. Kg3 Kf8 43. Rxg7 1-0

[Event "Julius Baer Rapid Div 3 W"]
[Site "chess.com INT"]
[Date "2023.09.03"]
[Round "6.4"]
[White "Sevian, Samuel"]
[Black "Mamedyarov, Shakhriyar"]
[Result "1/2-1/2"]
[WhiteTitle "GM"]
[BlackTitle "GM"]
[WhiteElo "2698"]
[BlackElo "2734"]
[WhiteFideId "2040506"]
[BlackFideId "13401319"]
[EventDate "2023.08.30"]
[EventType "k.o."]

1. e4 c5 2. Nf3 e6 3. d4 cxd4 4. Nxd4 Nc6 5. Nc3 Qc7 6. Be3 a6 7. Qf3 b5 8.
O-O-O Bb7 9. Kb1 Nf6 10. Nxc6 Bxc6 11. Bd4 Be7 12. Bd3 Rc8 13. g4 b4 14. g5 e5
15. gxf6 Bxf6 16. Bc5 bxc3 17. Bxa6 Qa5 18. Bxc8 Qxc5 19. Qxc3 Qxc3 20. bxc3 Ke7
21. Ba6 Bxe4 22. Rhe1 Rb8+ 23. Ka1 Bxc2 24. Rd2 Bf5 25. Rb2 Ra8 26. Bb7 Ra5 27.
Rb4 d5 28. Kb2 Kd6 29. f3 Bd3 30. a4 Kc5 31. Rd1 Bc4 32. Bc8 d4 33. Rb7 Rxa4 34.
cxd4+ exd4 35. Kc2 Ra2+ 36. Kb1 Ra4 37. Bf5 Bd5 38. Rc7+ Kd6 39. Rd7+ Ke5 40.
Bxh7 Bxf3 41. Re1+ Kf4 42. Rxf7 d3 43. Rxf6+ gxf6 44. Bxd3 Ra5 45. Kb2 Rh5 46.
Kc3 Rxh2 47. Re8 f5 48. Kd4 Rd2 49. Kc3 Ra2 50. Bxf5 Kxf5 51. Rf8+ Ke4 52. Re8+
Kf4 53. Kd4 Ra4+ 54. Kc5 Be4 55. Rh8 Ra1 56. Rf8+ Ke3 57. Rb8 Rc1+ 58. Kd6 Kf4
59. Rf8+ Bf5 60. Rh8 Rd1+ 61. Kc5 Ke5 62. Rh5 Rc1+ 63. Kb5 Ke6 64. Kb4 Be4 65.
Rc5 Rb1+ 66. Kc3 Kd6 67. Rh5 Bd5 68. Rh8 Kc5 69. Rc8+ Bc6 70. Rc7 Rg1 71. Rc8
Rg3+ 72. Kd2 Kd5 73. Rc7 Bb5 74. Rc3 Rg4 75. Rc8 Bc4 76. Rd8+ Ke5 77. Kc3 Be6
78. Re8 Rg3+ 79. Kd2 Kd5 80. Re7 Bf5 81. Re3 Rg4 82. Re8 Be4 83. Ra8 Ke5 84.
Ra5+ Kf4 85. Ra7 Rg2+ 86. Kc3 Ke3 87. Rd7 Rc2+ 88. Kb4 Bd3 89. Rg7 Rc4+ 90. Kb3
Rc8 91. Kb4 Rc4+ 92. Kb3 Rc6 93. Kb4 Be4 94. Rd7 Rc1 95. Rd8 Kf4 96. Re8 Bd5 97.
Re7 Rc4+ 98. Kb5 Kf5 99. Re1 Re4 100. Rxe4 Kxe4 1/2-1/2

[Event "Julius Baer Rapid Div 3 W"]
[Site "chess.com INT"]
[Date "2023.09.03"]
[Round "6.5"]
[White "Mamedyarov, Shakhriyar"]
[Black "Sevian, Samuel"]
[Result "0-1"]
[WhiteTitle "GM"]
[BlackTitle "GM"]
[WhiteElo "2734"]
[BlackElo "2698"]
[WhiteFideId "13401319"]
[BlackFideId "2040506"]
[EventDate "2023.08.30"]
[EventType "k.o."]

1. c4 e5 2. Nf3 Nc6 3. d4 exd4 4. Nxd4 Nf6 5. Nc3 Bb4 6. g3 Ne4 7. Qd3 Qe7 8.
Bg2 Nc5 9. Qd1 Bxc3+ 10. bxc3 Ne5 11. O-O d6 12. e4 O-O 13. f4 Nxc4 14. Qe2 d5
15. exd5 Qxe2 16. Nxe2 Nd3 17. Nd4 Bd7 18. Rd1 Nxc1 19. Rdxc1 Rfe8 20. Kf2 a5
21. Re1 Kf8 22. Bf1 Nd6 23. Bd3 h6 24. Nf3 Bf5 25. Bxf5 Nxf5 26. Ne5 Nd6 27. Kf3
Rad8 28. g4 Nb5 29. Rab1 Nxc3 30. Rxb7 Nxd5 31. Rb5 g5 32. f5 Kg7 33. Rc5 Nf4
34. Re3 Nd5 35. Re4 Nf6 36. Re2 Rd5 37. Rxd5 Nxd5 38. a3 Rb8 39. Rc2 Rb3+ 40.
Ke4 Nc3+ 41. Kd4 Nb5+ 42. Kc4 a4 43. Kd5 Rxa3 44. Rc6 Ra1 45. f6+ Kg8 46. Ra6
Rd1+ 47. Kc5 Nd6 48. Rxa4 Kh7 49. Kc6 Rf1 50. Kxc7 Ne8+ 51. Kd8 Nxf6 52. Ra7 Ne4
53. Nxf7 Rd1+ 54. Ke8 Nf6+ 55. Ke7 Nxg4 56. Ke6 Kg6 57. h3 Re1+ 58. Kd6 Rd1+ 59.
Kc5 Nf2 60. Ne5+ Kh5 61. Kc4 Nxh3 62. Nd7 g4 63. Nf6+ Kh4 64. Ne4 Re1 65. Kd4
Ng5 66. Nd6 Rd1+ 67. Ke5 Rxd6 68. Kxd6 g3 69. Ra2 Kh3 70. Ra3 Kh2 71. Ke5 g2 72.
Ra2 Kh1 73. Ra6 g1=Q 74. Rxh6+ Kg2 75. Rc6 Qf2 76. Rc8 Nf3+ 77. Kd5 Qd4+ 78. Ke6
Kf2 79. Kf5 Qe5+ 80. Kg4 Qg5+ 81. Kh3 Qg3# 0-1

[Event "Julius Baer Rapid Div 3 W"]
[Site "chess.com INT"]
[Date "2023.09.03"]
[Round "7.1"]
[White "Mamedyarov, Shakhriyar"]
[Black "Sevian, Samuel"]
[Result "1/2-1/2"]
[WhiteTitle "GM"]
[BlackTitle "GM"]
[WhiteElo "2734"]
[BlackElo "2698"]
[WhiteFideId "13401319"]
[BlackFideId "2040506"]
[EventDate "2023.08.30"]
[EventType "k.o."]

1. Nf3 d5 2. e3 c5 3. b3 Nc6 4. Bb2 a6 5. d4 Nf6 6. a3 cxd4 7. Nxd4 Qc7 8. Nxc6
bxc6 9. c4 e5 10. Nc3 Be6 11. cxd5 cxd5 12. Rc1 Qb7 13. b4 Be7 14. Be2 O-O 15.
O-O 1/2-1/2

[Event "Julius Baer Rapid Div 3 W"]
[Site "chess.com INT"]
[Date "2023.09.03"]
[Round "7.2"]
[White "Sevian, Samuel"]
[Black "Mamedyarov, Shakhriyar"]
[Result "1/2-1/2"]
[WhiteTitle "GM"]
[BlackTitle "GM"]
[WhiteElo "2698"]
[BlackElo "2734"]
[WhiteFideId "2040506"]
[BlackFideId "13401319"]
[EventDate "2023.08.30"]
[EventType "k.o."]

1. e4 c5 2. Nf3 e6 3. c3 d5 4. exd5 exd5 5. d4 Nf6 6. Bb5+ Bd7 7. Bxd7+ Qxd7 8.
O-O cxd4 9. Nxd4 Nc6 10. Qd3 Nxd4 11. Qxd4 Be7 12. Be3 O-O 13. Nd2 b6 14. Qd3
Bc5 15. Bg5 Ng4 16. Bf4 Rfe8 1/2-1/2

[Event "Julius Baer Rapid Div 3 W"]
[Site "chess.com INT"]
[Date "2023.09.03"]
[Round "7.3"]
[White "Sevian, Samuel"]
[Black "Mamedyarov, Shakhriyar"]
[Result "1-0"]
[WhiteTitle "GM"]
[BlackTitle "GM"]
[WhiteElo "2698"]
[BlackElo "2734"]
[WhiteFideId "2040506"]
[BlackFideId "13401319"]
[EventDate "2023.08.30"]
[EventType "k.o."]

1. c4 e6 2. Nc3 d5 3. d4 Nf6 4. cxd5 exd5 5. Bf4 Bd6 6. Bxd6 Qxd6 7. e3 O-O 8.
Bd3 c6 9. h3 Re8 10. Qc2 Nbd7 11. Nf3 Qe7 12. g4 a5 13. O-O-O Ne4 14. Bxe4 dxe4
15. Nd2 Nf6 16. a3 b5 17. g5 Nd5 18. Ncxe4 b4 19. a4 b3 20. Qc5 Nb4 21. Qxe7
Nd3+ 22. Kb1 Rxe7 23. Nxb3 Bf5 24. Rxd3 Bxe4 25. Rd1 f6 26. gxf6 Rf7 27. Nc5
Bxd3+ 28. Nxd3 Rxf6 29. Rg1 Rf3 30. Rh1 g5 31. Kc2 Kg7 32. Kd2 Rb8 33. Ke2 Rf6
34. Rg1 Kh6 35. Rc1 Kh5 36. Rc5 Kh4 37. Rxa5 h5 38. b4 Rg8 39. Ra6 Rgf8 40. f4
g4 41. hxg4 hxg4 42. Ne5 g3 43. Ra7 Kh3 44. Kf3 1-0